| 000 | 01463nam a2200349 i 4500 | ||
|---|---|---|---|
| 003 | EG-ScBUE | ||
| 005 | 20231207120543.0 | ||
| 008 | 170517s2008 su fr 000 00 ara d | ||
| 017 | _a1431 / 1891 | ||
| 020 | _a9789960549927 | ||
| 040 |
_aEG-ScBUE _bara _erda _cEG-ScBUE _dEG-ScBUE |
||
| 041 | 1 |
_aara _heng |
|
| 043 | _aa-iq--- | ||
| 082 | 0 | 4 |
_a956.70443082 _bأ و ل _222 |
| 100 | 1 |
_aأوليفر، كيلي، _eمؤلف. |
|
| 240 | 1 | 0 |
_aWomen as weapons of war : Iraq, sex, and the media. _lArabic |
| 245 | 1 | 2 |
_aالنساء أسلحة حربية : _bالعراق والجنس والإعلام / _cتأليف كيلي أوليفر ؛ نقله إلى العربية شكري مجاهد. |
| 250 | _aالطبعة العربية. | ||
| 264 | 1 |
_aالرياض : _bالعبيكان للنشر، _c2008. |
|
| 300 |
_a280 صفحة ؛ _c24 سم |
||
| 336 |
_2rdacontent _aنص _btxt |
||
| 337 |
_aبدون وسيط _2rdamedia _bn |
||
| 338 |
_aمجلد _bnc _2rdacarrier |
||
| 504 | _aيشتمل على إرجاعات ببليوجرافية. | ||
| 546 | _aالنص باللغة العربية ؛ مترجم من اللغة الإنجليزية. | ||
| 650 | 7 |
_2BUEsh _aالمرأة في الجيش _zالعراق. |
|
| 651 | 7 |
_2BUEsh _aالعراق _xتاريخ _yالاحتلال الأمريكي، 2003-2011 _vتغطية إعلامية. |
|
| 653 |
_bGGEN _cMay2017 |
||
| 655 | _vReading book | ||
| 700 | 1 |
_aمجاهد، شكري، _eمترجم. |
|
| 942 | _2ddc | ||
| 999 |
_c24873 _d24845 |
||